000 00631nam a2200169Ia 4500
008 090201s9999 xx 000 0 und d
010 _aKPL-54920
040 _bमराठी
041 _aमराठी
082 _a39292
_b54920
100 _aजयंत गडकरी
245 _aहिंदु - मुस्लीम जमातवादाचा पंचनामा
_cजयंत गडकरी
260 _c2004
_bजयंत गडकरी
300 _a184
_bमोठा
600 _aहिंदु - मुस्लीम जमातवादाचा पंचनामा
942 _cBOOK
999 _c236643
_d236643